000 007790000a22002170004500
003 LK-CoMWRAF
005 20240120140005.0
008 230817t2001 ||||| |||| 00| 0 eng d
020 _a9558570001
040 _aLK-CoMWRAF
_dLK-CoMWRAF
_eLK-CoMWRAF
041 _aeng
082 _a337
_bSHA
100 _aShanmugaratnam, S
245 _aLinking peace and development in Sri Lanka :
_bfacing the challenges
260 _aColombo:
_bInstitute of Social Development,
_c2001
300 _avi, 32 p. ; 23 cm.
505 _aKeynote paper presented at the Symposium on Globalisation, Peace, and Development: Challenges to Reconstruction, 5-6 April 2001, Kandy, Sri Lanka."
650 _aSri Lanka--Politics and government
650 _aSri Lanka--Economic conditions
942 _cBK
999 _c219
_d219